[Event "ch-USA Seniors 2024"]
[Site "Saint Louis USA"]
[Date "2024.07.16"]
[Round "1.1"]
[White "Becerra Rivero, Julio"]
[Black "Shabalov, Alexander"]
[Result "0-1"]
[WhiteTitle "GM"]
[BlackTitle "GM"]
[WhiteElo "2419"]
[BlackElo "2460"]
[WhiteFideId "3501728"]
[BlackFideId "2008572"]
[EventDate "2024.07.16"]

1. e4 c6 2. d4 d5 3. e5 Bf5 4. Nf3 e6 5. Be2 Nd7 6. O-O a5 7. a4 f6 8. Nbd2 fxe5
9. dxe5 Bc5 10. Nb3 Ba7 11. Nbd4 Ne7 12. Bd3 Nc5 13. Bxf5 Nxf5 14. Nxf5 exf5 15.
Be3 O-O 16. Bxc5 Bxc5 17. Qd3 Qb6 18. b3 Rad8 19. Rae1 Qb4 20. Re2 Qf4 21. Rfe1
Rde8 22. c3 Re7 23. g3 Qh6 24. Kg2 g5 25. Nd4 Bxd4 26. cxd4 f4 27. Kh1 Qh3 28.
Rd2 f3 29. Qf1 Qf5 30. Qd3 Qg4 31. Qf1 Re6 32. Re3 Rh6 33. Rdd3 Rf7 34. Qd1 Qh3
35. Qg1 g4 36. e6 Re7 37. Re5 Rhxe6 38. Rde3 Rxe5 39. dxe5 Kf7 0-1

[Event "ch-USA Seniors 2024"]
[Site "Saint Louis USA"]
[Date "2024.07.16"]
[Round "1.2"]
[White "Root, Douglas"]
[Black "Kaidanov, Gregory"]
[Result "1/2-1/2"]
[WhiteTitle "IM"]
[BlackTitle "GM"]
[WhiteElo "2463"]
[BlackElo "2548"]
[WhiteFideId "2000490"]
[BlackFideId "2008564"]
[EventDate "2024.07.16"]

1. d4 d5 2. c4 e6 3. Nc3 Nf6 4. Bg5 Be7 5. e3 O-O 6. Nf3 Nbd7 7. Rc1 dxc4 8.
Bxc4 c5 9. O-O a6 10. dxc5 Nxc5 11. b4 Ncd7 12. a3 h6 13. Bf4 b5 14. Bb3 Bb7 15.
Qe2 Rc8 16. Rfd1 Qe8 17. e4 Nb6 18. Ne5 Nbd7 19. Nd3 Nb6 20. Nc5 Qc6 21. Nxb7
Qxb7 22. e5 Nfd5 23. Nxd5 Nxd5 24. Qe4 Rxc1 25. Bxc1 Rc8 26. Be3 Qc6 27. Bxd5
exd5 28. Qxd5 Qxd5 29. Rxd5 Rc3 30. g3 Rxa3 31. Bc5 Bxc5 32. Rxc5 Ra4 33. Rc6
Kf8 34. f4 Ke7 35. f5 Rxb4 36. Rxa6 Re4 37. Ra7+ Ke8 38. f6 gxf6 39. exf6 Re6
40. Rb7 Rxf6 41. Rxb5 Kf8 42. Rb2 Kg7 43. Ra2 Re6 44. Kg2 Rf6 45. Kg1 Re6 46.
Kg2 Rf6 47. Kg1 Re6 1/2-1/2

[Event "ch-USA Seniors 2024"]
[Site "Saint Louis USA"]
[Date "2024.07.16"]
[Round "1.3"]
[White "Khachiyan, Melikset"]
[Black "Kraai, Jesse"]
[Result "1-0"]
[WhiteTitle "GM"]
[BlackTitle "GM"]
[WhiteElo "2414"]
[BlackElo "2356"]
[WhiteFideId "13300512"]
[BlackFideId "2002035"]
[EventDate "2024.07.16"]

1. e4 e6 2. d4 d5 3. Nc3 Nf6 4. Bg5 h6 5. Bxf6 Qxf6 6. Nf3 Bb4 7. Bd3 c5 8. O-O
O-O 9. exd5 Bxc3 10. bxc3 exd5 11. Ne5 Nc6 12. Re1 cxd4 13. Nxc6 bxc6 14. cxd4
Rb8 15. Qd2 Bf5 16. Bxf5 Qxf5 17. Qc3 Rfe8 18. h3 Re4 19. Rxe4 dxe4 20. Qxc6 Rc8
21. Qa4 e3 22. fxe3 Qe4 23. Rf1 Rxc2 24. Rf3 Qg6 25. Rf2 Rc1+ 26. Rf1 Rc2 27.
Qe8+ Kh7 28. Rf2 Rxf2 29. Kxf2 Qc2+ 30. Kg3 Qxa2 31. Qe4+ Kg8 32. d5 Qa3 33.
Qe8+ Qf8 34. Qd7 Qc5 35. Kf3 a6 36. Qe8+ Qf8 37. Qc6 Qd8 38. d6 Qf6+ 39. Ke4
Qe6+ 40. Kd4 f5 41. Qc7 Qe4+ 42. Kc5 Qxe3+ 43. Kc6 Qe4+ 44. Kb6 Qb4+ 45. Ka7
Qd4+ 46. Kb8 Qb4+ 47. Kc8 Qe4 48. Qb7 Qe8+ 49. Kc7 Qe5 50. Qc6 Kf7 51. Kc8 Qf6
52. Qd5+ Kf8 53. d7 Qc3+ 54. Kb7 1-0

[Event "ch-USA Seniors 2024"]
[Site "Saint Louis USA"]
[Date "2024.07.16"]
[Round "1.4"]
[White "Benjamin, Joel"]
[Black "Christiansen, Larry"]
[Result "0-1"]
[WhiteTitle "GM"]
[BlackTitle "GM"]
[WhiteElo "2490"]
[BlackElo "2579"]
[WhiteFideId "2000091"]
[BlackFideId "2000059"]
[EventDate "2024.07.16"]

1. e4 Nf6 2. e5 Nd5 3. d4 d6 4. c4 Nb6 5. exd6 cxd6 6. Nc3 g6 7. Be3 Bg7 8. Rc1
O-O 9. b3 Bf5 10. Be2 d5 11. c5 Nc8 12. Bf3 Nc6 13. Bxd5 Nb4 14. Bc4 b6 15. Nge2
bxc5 16. dxc5 Qa5 17. Qd2 e6 18. O-O Rd8 19. Qb2 Bd3 20. a3 Bxc4 21. bxc4 Nc6
22. Qb5 N8e7 23. Qxa5 Nxa5 24. Nb5 Nf5 25. Rfd1 Nb3 26. Rb1 Rxd1+ 27. Rxd1 Nxe3
28. fxe3 Nxc5 29. Ned4 a6 30. Nd6 Bh6 31. Nc6 Bxe3+ 32. Kf1 Bf4 33. g3 Bxd6 34.
Rxd6 Kf8 35. Ke2 Rc8 36. Ne5 Ke7 37. Rb6 f6 38. Nc6+ Kd7 39. Nd4 Kc7 40. Rc6+
Kb7 41. Rd6 e5 42. Nc2 Ne4 43. Rd7+ Rc7 44. Rxc7+ Kxc7 45. Nb4 a5 46. Nd3 Kd6
47. Ke3 f5 48. Nc1 Nf6 49. h4 Nh5 50. Kf2 Nf6 51. Ke3 h5 52. Nb3 a4 53. Nc1 Ne4
54. Ne2 Kc5 55. Kd3 Nf2+ 56. Ke3 Nd1+ 57. Kd2 Nb2 58. Nc3 Nxc4+ 59. Kc2 0-1

[Event "ch-USA Seniors 2024"]
[Site "Saint Louis USA"]
[Date "2024.07.16"]
[Round "1.5"]
[White "Novikov, Igor"]
[Black "Akopian, Vladimir"]
[Result "0-1"]
[WhiteTitle "GM"]
[BlackTitle "GM"]
[WhiteElo "2509"]
[BlackElo "2583"]
[WhiteFideId "14100037"]
[BlackFideId "13300032"]
[EventDate "2024.07.16"]

1. d4 d5 2. c4 c6 3. Nf3 Nf6 4. Nc3 dxc4 5. a4 Bf5 6. e3 e6 7. Bxc4 Nbd7 8. O-O
Bb4 9. Nh4 Bg6 10. Qb3 a5 11. g3 Bh5 12. f3 O-O 13. Na2 Be7 14. g4 Bg6 15. Nc3
Bb4 16. Rd1 Nd5 17. Nxg6 hxg6 18. e4 N5b6 19. Be2 e5 20. Be3 exd4 21. Bxd4 Bc5
22. Bxc5 Nxc5 23. Rxd8 Nxb3 24. Rxa8 Rxa8 25. Rd1 g5 26. Kf2 Kf8 27. Kg3 Ke7 28.
h4 gxh4+ 29. Kxh4 Nc5 30. b3 Rh8+ 31. Kg3 g5 32. Kf2 Nbd7 33. Rb1 Ne5 34. Bf1
Rh2+ 35. Ke3 Rc2 36. Ne2 Ne6 37. Rc1 Rb2 38. Rc3 b5 39. axb5 cxb5 40. Nc1 b4 41.
Rc8 Kd7 42. Ra8 Rb1 43. Kd2 Nd4 44. Be2 Rb2+ 45. Ke3 Nxe2 0-1

[Event "ch-USA Seniors 2024"]
[Site "Saint Louis USA"]
[Date "2024.07.17"]
[Round "2.1"]
[White "Christiansen, Larry"]
[Black "Novikov, Igor"]
[Result "1/2-1/2"]
[WhiteTitle "GM"]
[BlackTitle "GM"]
[WhiteElo "2579"]
[BlackElo "2509"]
[WhiteFideId "2000059"]
[BlackFideId "14100037"]
[EventDate "2024.07.16"]

1. e4 c5 2. Nf3 d6 3. Bc4 Nf6 4. d3 e6 5. O-O Be7 6. Nbd2 O-O 7. a4 Nc6 8. Bb3
b6 9. Re1 Bb7 10. Nf1 a6 11. Ng3 b5 12. c3 b4 13. d4 bxc3 14. bxc3 cxd4 15. cxd4
Nb4 16. d5 exd5 17. exd5 Nfxd5 18. Bb2 Bf6 19. Rb1 a5 20. Ne4 Bxb2 21. Rxb2 Nf4
22. Rd2 d5 23. Nc5 Bc8 24. Ne5 Qd6 25. Ncd3 Nfxd3 26. Nxd3 Be6 27. Nxb4 axb4 28.
h3 g6 29. Re4 Qb6 30. Red4 Rfc8 31. Bxd5 Bxd5 32. Rxd5 b3 33. Rb5 Qe6 34. Rxb3
Rxa4 35. Re3 Re4 36. Rxe4 Qxe4 37. Rd8+ Rxd8 38. Qxd8+ Kg7 39. Qd1 h5 40. Qa1+
Kg8 41. Qf6 Qb1+ 42. Kh2 Qb8+ 43. Kg1 Qb1+ 44. Kh2 Qb8+ 45. Kg1 Qb1+ 1/2-1/2

[Event "ch-USA Seniors 2024"]
[Site "Saint Louis USA"]
[Date "2024.07.17"]
[Round "2.2"]
[White "Shabalov, Alexander"]
[Black "Akopian, Vladimir"]
[Result "0-1"]
[WhiteTitle "GM"]
[BlackTitle "GM"]
[WhiteElo "2460"]
[BlackElo "2583"]
[WhiteFideId "2008572"]
[BlackFideId "13300032"]
[EventDate "2024.07.16"]

1. d4 d5 2. c4 c6 3. Nc3 Nf6 4. e3 e6 5. Bd2 Nbd7 6. Rc1 Be7 7. cxd5 exd5 8. Bd3
O-O 9. Nge2 b6 10. O-O Bb7 11. f3 c5 12. g4 Ne8 13. Rf2 Nd6 14. Nf4 cxd4 15.
Ncxd5 Bh4 16. Rg2 g5 17. e4 Ne5 18. Bb1 gxf4 19. Bxf4 Ng6 20. Bh6 Bg5 21. Bxf8
Qxf8 22. Rc7 Bxd5 23. exd5 Be3+ 24. Kh1 Nf4 25. Rg3 Re8 0-1

[Event "ch-USA Seniors 2024"]
[Site "Saint Louis USA"]
[Date "2024.07.17"]
[Round "2.3"]
[White "Kaidanov, Gregory"]
[Black "Benjamin, Joel"]
[Result "1/2-1/2"]
[WhiteTitle "GM"]
[BlackTitle "GM"]
[WhiteElo "2548"]
[BlackElo "2490"]
[WhiteFideId "2008564"]
[BlackFideId "2000091"]
[EventDate "2024.07.16"]

1. d4 Nf6 2. c4 e6 3. Nc3 Bb4 4. Qc2 O-O 5. a3 Bxc3+ 6. Qxc3 d6 7. Bg5 Nbd7 8.
e3 b6 9. Nf3 Ba6 10. Bd3 c5 11. O-O h6 12. Bh4 Rc8 13. b3 d5 14. a4 Qc7 15. Rfc1
cxd4 16. exd4 dxc4 17. bxc4 Nh5 18. Bf1 Qf4 19. Bg3 Nxg3 20. hxg3 Qd6 21. Qe3
Bb7 22. Re1 Rfd8 23. a5 Nf6 24. axb6 axb6 25. Red1 Bxf3 26. gxf3 Qc7 27. Rab1
Rd6 28. Be2 Rcd8 29. f4 Qc6 30. Rb2 Qc7 31. Rbb1 Qc6 32. Rb2 Qc7 33. Rbb1 Qc6 1/2-1/2

[Event "ch-USA Seniors 2024"]
[Site "Saint Louis USA"]
[Date "2024.07.17"]
[Round "2.4"]
[White "Becerra Rivero, Julio"]
[Black "Khachiyan, Melikset"]
[Result "1-0"]
[WhiteTitle "GM"]
[BlackTitle "GM"]
[WhiteElo "2419"]
[BlackElo "2414"]
[WhiteFideId "3501728"]
[BlackFideId "13300512"]
[EventDate "2024.07.16"]

1. e4 c5 2. Nf3 e6 3. Nc3 Nc6 4. d4 cxd4 5. Nxd4 Nf6 6. Ndb5 Bc5 7. Bf4 O-O 8.
Bc7 Qe7 9. Bd6 Bxd6 10. Qxd6 Qd8 11. O-O-O a6 12. Nd4 Ne7 13. h4 Ne8 14. Qg3 b5
15. h5 b4 16. Na4 Qa5 17. h6 g6 18. b3 d6 19. Qh4 Ra7 20. Kb1 Rc7 21. f4 f6 22.
Qe1 e5 23. a3 Rb7 24. fxe5 dxe5 25. Bc4+ Kh8 26. Ne6 Bxe6 27. Bxe6 Nc6 28. Bd5
Rc7 29. Bxc6 Rxc6 30. Rd5 Qc7 31. Qxb4 Nd6 32. Rhd1 a5 33. Qxa5 Qxa5 34. Rxa5
Nxe4 35. Rd7 Ng5 36. Nc5 e4 37. Re7 f5 38. b4 Rcc8 39. Kc1 Rfe8 40. Raa7 e3 41.
Kd1 f4 42. Nd3 Rf8 43. b5 f3 44. gxf3 Rxf3 45. b6 Rf2 46. Nxf2 exf2 47. Ke2 1-0

[Event "ch-USA Seniors 2024"]
[Site "Saint Louis USA"]
[Date "2024.07.17"]
[Round "2.5"]
[White "Kraai, Jesse"]
[Black "Root, Douglas"]
[Result "1-0"]
[WhiteTitle "GM"]
[BlackTitle "IM"]
[WhiteElo "2356"]
[BlackElo "2463"]
[WhiteFideId "2002035"]
[BlackFideId "2000490"]
[EventDate "2024.07.16"]

1. e4 e6 2. d4 d5 3. e5 c5 4. c3 Nc6 5. Nf3 Qb6 6. Bd3 cxd4 7. O-O Bd7 8. Re1
Rc8 9. Nbd2 dxc3 10. bxc3 Nge7 11. Rb1 Qc7 12. Nb3 Ng6 13. Nbd4 Ncxe5 14. Nxe5
Nxe5 15. Bf4 Bd6 16. Bb5 Nc6 17. Bxd6 Qxd6 18. Nf5 Qc5 19. Nxg7+ Kf8 20. Nh5 b6
21. Nf6 Qd6 22. c4 d4 23. Qh5 h6 24. c5 Qe7 25. cxb6 Qxf6 26. b7 Rb8 27. Bxc6
Bxc6 28. Qc5+ Kg7 29. Qxc6 Rhd8 30. Qa6 d3 31. Qxa7 Qd4 32. Qxd4+ Rxd4 33. Kf1
Rd7 34. Red1 e5 35. Rb6 Rdxb7 36. Rxb7 Rxb7 37. Rxd3 Ra7 38. Rd2 f5 39. Ke2 Ra3
40. Kd1 Kf6 41. Kc1 Ra8 42. Kb2 Rb8+ 43. Kc3 Rc8+ 44. Kb4 Rb8+ 45. Kc5 Rc8+ 46.
Kb6 Ra8 47. Kb5 Rb8+ 48. Kc4 Rc8+ 49. Kb3 Rb8+ 50. Kc2 Rc8+ 51. Kb2 Rb8+ 52. Ka1
Ra8 53. Rd1 e4 54. Kb2 f4 55. Ra1 Ke5 56. a4 Kd4 57. Kc2 Rc8+ 58. Kd1 Rg8 59. g3
e3 60. Ke1 exf2+ 61. Kxf2 fxg3+ 62. hxg3 Rg6 63. a5 Ra6 64. Kf3 Rf6+ 65. Kg4
Rg6+ 66. Kh4 Ra6 67. Kh5 Ke4 68. Ra3 Kd4 69. Ra4+ Ke5 70. g4 Kd5 71. Rf4 Ke5 72.
Rf8 Ke4 73. Rf5 Ke3 74. Kh4 Ke4 75. Kg3 Ke3 76. Rd5 Ke4 77. Rb5 Ke3 78. Rb6 Rxa5
79. Rxh6 Ke4 80. Kh4 Ra8 81. g5 Kf5 82. Rf6+ Ke5 83. Kh5 Rh8+ 84. Kg6 1-0

[Event "ch-USA Seniors 2024"]
[Site "Saint Louis USA"]
[Date "2024.07.18"]
[Round "3.1"]
[White "Novikov, Igor"]
[Black "Kaidanov, Gregory"]
[Result "1/2-1/2"]
[WhiteTitle "GM"]
[BlackTitle "GM"]
[WhiteElo "2509"]
[BlackElo "2548"]
[WhiteFideId "14100037"]
[BlackFideId "2008564"]
[EventDate "2024.07.16"]

1. d4 d5 2. c4 e6 3. Nf3 Nf6 4. Nc3 Be7 5. Bg5 Nbd7 6. e3 h6 7. Bh4 O-O 8. Rc1
dxc4 9. Bxc4 a6 10. O-O b5 11. Be2 c5 12. dxc5 Nxc5 13. Nd4 Bb7 14. Bxf6 Bxf6
15. Ncxb5 axb5 16. Rxc5 Rxa2 17. Rxb5 Bxd4 18. Rxb7 Rxb2 19. Rxb2 Bxb2 20. Qxd8
Rxd8 21. Rd1 Rxd1+ 22. Bxd1 g6 23. g3 h5 24. h4 Kg7 25. Kg2 Ba3 26. Bc2 Bb4 27.
Bd3 Ba5 28. Bc2 Bb4 29. Bd3 Ba5 30. Bc2 Bb4 31. Bd3 1/2-1/2

[Event "ch-USA Seniors 2024"]
[Site "Saint Louis USA"]
[Date "2024.07.18"]
[Round "3.2"]
[White "Khachiyan, Melikset"]
[Black "Shabalov, Alexander"]
[Result "1/2-1/2"]
[WhiteTitle "GM"]
[BlackTitle "GM"]
[WhiteElo "2414"]
[BlackElo "2460"]
[WhiteFideId "13300512"]
[BlackFideId "2008572"]
[EventDate "2024.07.16"]

1. e4 e5 2. Nf3 Nc6 3. Bb5 Nge7 4. O-O Ng6 5. d4 exd4 6. Nxd4 Bc5 7. Nf5 O-O 8.
Nc3 d6 9. Qh5 Nd4 10. Nxd4 Bxd4 11. Ne2 Bb6 12. Ng3 c6 13. Be2 Qf6 14. Qg5 Qxg5
15. Bxg5 f5 16. exf5 Bxf5 17. Nxf5 Rxf5 18. Be3 Bxe3 19. fxe3 Re5 20. Rf3 Rae8
21. Re1 Nh4 22. Rh3 Nf5 23. Bd3 h6 24. Bxf5 Rxf5 25. Rf3 Rb5 26. b3 Ra5 27. a4
d5 28. Rf4 Rc5 29. Re2 a5 30. Kf2 Rc3 31. Rd4 Kf7 32. Rd3 Rxd3 33. cxd3 Ke6 34.
Rc2 Kd6 35. d4 b6 36. Ke2 Rf8 37. Kd3 Rf1 38. Rd2 Rb1 39. Kc3 b5 40. axb5 cxb5
41. Ra2 b4+ 42. Kc2 Rg1 43. Kd3 Kc6 44. Rxa5 Rxg2 45. Ra6+ Kd7 46. e4 dxe4+ 47.
Kxe4 Rxh2 48. Rg6 Rh3 49. Rxg7+ Kc8 50. Rh7 Rxb3 51. Rxh6 Rc3 52. Rb6 b3 53. d5
Kc7 54. Rb5 Kd6 55. Kd4 Rh3 56. Rb6+ Kc7 57. Rb5 Kd6 58. Rb6+ Kc7 59. Rb5 Kd6 1/2-1/2

[Event "ch-USA Seniors 2024"]
[Site "Saint Louis USA"]
[Date "2024.07.18"]
[Round "3.3"]
[White "Benjamin, Joel"]
[Black "Kraai, Jesse"]
[Result "1/2-1/2"]
[WhiteTitle "GM"]
[BlackTitle "GM"]
[WhiteElo "2490"]
[BlackElo "2356"]
[WhiteFideId "2000091"]
[BlackFideId "2002035"]
[EventDate "2024.07.16"]

1. e4 e6 2. d4 d5 3. Nc3 Nf6 4. Bg5 dxe4 5. Nxe4 Be7 6. Bxf6 Bxf6 7. Nf3 O-O 8.
Qd3 Nc6 9. O-O-O Nb4 10. Nxf6+ Qxf6 11. Qd2 a5 12. a3 Nd5 13. Bd3 Rd8 14. Rhe1
Bd7 15. Be4 Be8 16. Qg5 Rab8 17. h4 h6 18. Qe5 Rd6 19. Bxd5 Qxe5 20. Rxe5 Rxd5
21. Rxd5 exd5 22. Rd3 f6 23. Rc3 c6 24. Kd2 g5 25. hxg5 hxg5 26. Nh2 Bd7 27. Nf1
Kf7 28. Rb3 b5 29. Rc3 a4 30. Ne3 Rh8 31. b3 Ra8 32. Rd3 Kg6 33. g3 Bf5 34. Nxf5
Kxf5 35. b4 Ke6 36. Re3+ Kd6 37. Rf3 Ke6 38. Re3+ Kd6 39. Rf3 Ke6 40. Re3+ Kd6 1/2-1/2

[Event "ch-USA Seniors 2024"]
[Site "Saint Louis USA"]
[Date "2024.07.18"]
[Round "3.4"]
[White "Akopian, Vladimir"]
[Black "Christiansen, Larry"]
[Result "1-0"]
[WhiteTitle "GM"]
[BlackTitle "GM"]
[WhiteElo "2583"]
[BlackElo "2579"]
[WhiteFideId "13300032"]
[BlackFideId "2000059"]
[EventDate "2024.07.16"]

1. e4 c6 2. d4 d5 3. e5 Bf5 4. Nd2 e6 5. Nb3 Nd7 6. Nf3 Ne7 7. Be2 h6 8. O-O Bh7
9. a4 Nf5 10. a5 Be7 11. c4 O-O 12. a6 b6 13. cxd5 cxd5 14. Bb5 Rc8 15. Bf4 g5
16. Bd2 f6 17. Bc3 Bg6 18. Qe1 Ng7 19. exf6 Bxf6 20. Ne5 Bxe5 21. dxe5 Nc5 22.
Nd4 Rc7 23. Rd1 Qc8 24. f3 Nxa6 25. Bxa6 Qxa6 26. h4 gxh4 27. Qxh4 Nf5 28. Nxf5
Bxf5 29. Qxh6 Rh7 30. Qe3 Rff7 31. Kf2 Qa4 32. Rd4 Qc2+ 33. Qd2 Qxd2+ 34. Bxd2
Rc7 35. Bc3 Rhd7 36. g4 Bg6 37. Rh1 Rc4 38. Ke3 a5 39. f4 a4 40. f5 Rxd4 41.
Bxd4 Rh7 42. Rc1 exf5 43. Rc6 Be8 44. Rc8 f4+ 45. Kxf4 Re7 46. Bxb6 Kf7 47. Bc5
Re6 48. Rd8 Bc6 49. Kf5 Re8 50. e6+ Kg7 51. Rd7+ 1-0

[Event "ch-USA Seniors 2024"]
[Site "Saint Louis USA"]
[Date "2024.07.18"]
[Round "3.5"]
[White "Root, Douglas"]
[Black "Becerra Rivero, Julio"]
[Result "1/2-1/2"]
[WhiteTitle "IM"]
[BlackTitle "GM"]
[WhiteElo "2463"]
[BlackElo "2419"]
[WhiteFideId "2000490"]
[BlackFideId "3501728"]
[EventDate "2024.07.16"]

1. d4 d5 2. c4 c6 3. Nc3 Nf6 4. e3 e6 5. Nf3 Nbd7 6. Qc2 Bd6 7. Be2 O-O 8. O-O
dxc4 9. Bxc4 b5 10. Bd3 Bb7 11. Rd1 Qc7 12. h3 a6 13. Ng5 h6 14. Nge4 Be7 15.
Nxf6+ Nxf6 16. Ne4 Nxe4 17. Bxe4 Rac8 18. b3 c5 19. Bb2 cxd4 20. Qxc7 Rxc7 21.
Bxb7 Rxb7 22. Rxd4 Bf6 23. Rd2 Bxb2 24. Rxb2 Rc8 25. Rd1 Rbc7 26. Rd6 Rc1+ 27.
Kh2 R8c6 28. Rxc6 Rxc6 29. Rd2 Kf8 30. Kg3 Ke7 31. h4 Rc1 32. Kf4 h5 33. Kg5
Rc5+ 34. Kf4 Rc1 35. Kg5 Rc5+ 36. Kf4 Rc1 1/2-1/2

[Event "ch-USA Seniors 2024"]
[Site "Saint Louis USA"]
[Date "2024.07.19"]
[Round "4.1"]
[White "Kraai, Jesse"]
[Black "Novikov, Igor"]
[Result "1/2-1/2"]
[WhiteTitle "GM"]
[BlackTitle "GM"]
[WhiteElo "2356"]
[BlackElo "2509"]
[WhiteFideId "2002035"]
[BlackFideId "14100037"]
[EventDate "2024.07.16"]

1. e4 c5 2. Nc3 d6 3. f4 g6 4. Nf3 Bg7 5. Bb5+ Bd7 6. a4 Nc6 7. d3 Nd4 8. O-O e6
9. f5 gxf5 10. Nxd4 Bxd4+ 11. Kh1 fxe4 12. Nxe4 Bxb5 13. axb5 f5 14. Bg5 Ne7 15.
c3 Bg7 16. Qh5+ Kd7 17. Bf6 Qf8 18. Bxe7 Qxe7 19. g4 Qe8 20. Qg5 Rg8 21. gxf5
Be5 22. Nf6+ Bxf6 23. Qxf6 Kc7 24. c4 exf5 25. Rfe1 Qg6 26. Qe7+ Kb6 27. Rg1 Qh6
28. Rxg8 Rxg8 29. Qd7 a5 30. bxa6 bxa6 31. Qa4 Ra8 32. Qb3+ Kc6 33. d4 Qf4 34.
Re1 cxd4 35. c5 Kxc5 36. Qa3+ Kc6 37. Qa4+ Kb6 38. Qb4+ Kc6 39. Qc4+ Kb6 40.
Qb4+ Kc6 41. Qc4+ Kb6 42. Qb4+ Kc6 1/2-1/2

[Event "ch-USA Seniors 2024"]
[Site "Saint Louis USA"]
[Date "2024.07.19"]
[Round "4.2"]
[White "Becerra Rivero, Julio"]
[Black "Benjamin, Joel"]
[Result "1/2-1/2"]
[WhiteTitle "GM"]
[BlackTitle "GM"]
[WhiteElo "2419"]
[BlackElo "2490"]
[WhiteFideId "3501728"]
[BlackFideId "2000091"]
[EventDate "2024.07.16"]

1. e4 c6 2. d4 d5 3. e5 c5 4. Nf3 Nc6 5. dxc5 Bg4 6. c3 e6 7. Be3 a6 8. Nbd2
Nxe5 9. Qa4+ Qd7 10. Qf4 Nxf3+ 11. Nxf3 Bxf3 12. Qxf3 Rc8 13. b4 Ne7 14. Bd3 Nc6
15. O-O Be7 16. Qh3 Bf6 17. Rac1 Ne5 18. Bd4 Nxd3 19. Qxd3 Bxd4 20. cxd4 Qa4 21.
a3 O-O 22. f4 g6 23. Rf3 Qb5 24. Qxb5 axb5 25. Kf2 Ra8 26. Ke2 Ra6 27. Kd2 h5
28. Kc2 Kg7 29. Kb2 Kf6 30. Re1 Rfa8 31. Re5 Rh8 32. Re1 Rha8 33. Re5 Rh8 34.
Re1 Rha8 35. Re5 1/2-1/2

[Event "ch-USA Seniors 2024"]
[Site "Saint Louis USA"]
[Date "2024.07.19"]
[Round "4.3"]
[White "Shabalov, Alexander"]
[Black "Christiansen, Larry"]
[Result "0-1"]
[WhiteTitle "GM"]
[BlackTitle "GM"]
[WhiteElo "2460"]
[BlackElo "2579"]
[WhiteFideId "2008572"]
[BlackFideId "2000059"]
[EventDate "2024.07.16"]

1. d4 Nf6 2. c4 e6 3. Nc3 Bb4 4. a3 Bxc3+ 5. bxc3 b6 6. f3 Ba6 7. e4 Nc6 8. Bd3
Na5 9. Qe2 Nb3 10. Rb1 Nxc1 11. Rxc1 Qe7 12. Nh3 e5 13. dxe5 Qxe5 14. f4 Qc5 15.
e5 O-O-O 16. Ng5 Rde8 17. Kd2 h6 18. Nf3 d6 19. Rhe1 Kb8 20. Kc2 Nd7 21. Qe4
dxe5 22. fxe5 Bb7 23. Qd4 Qc6 24. Kb2 Nc5 25. Bc2 Rd8 26. Qf4 Na4+ 27. Kb3 b5
28. e6 g5 29. Ne5 Nc5+ 30. Kb2 gxf4 31. Nxc6+ Bxc6 32. cxb5 Bxg2 33. exf7 f3 34.
Re5 Nb7 35. Rf5 Rhf8 36. Rf4 Rd7 37. Bg6 Nd6 0-1

[Event "ch-USA Seniors 2024"]
[Site "Saint Louis USA"]
[Date "2024.07.19"]
[Round "4.4"]
[White "Kaidanov, Gregory"]
[Black "Akopian, Vladimir"]
[Result "1/2-1/2"]
[WhiteTitle "GM"]
[BlackTitle "GM"]
[WhiteElo "2548"]
[BlackElo "2583"]
[WhiteFideId "2008564"]
[BlackFideId "13300032"]
[EventDate "2024.07.16"]

1. d4 d5 2. c4 c6 3. Nf3 Nf6 4. Nc3 dxc4 5. a4 Bf5 6. Ne5 Nbd7 7. Nxc4 Qc7 8. g3
e5 9. dxe5 Nxe5 10. Bf4 Nfd7 11. Bg2 g5 12. Ne3 gxf4 13. Nxf5 O-O-O 14. Qc2 Kb8
15. gxf4 Nc4 16. e3 Nc5 17. Rd1 Rxd1+ 18. Nxd1 Qa5+ 19. Nc3 Qb6 20. Ne4 Qb4+ 21.
Ke2 Qxb2 22. Qxb2 Nxb2 23. Nxc5 Bxc5 24. a5 a6 25. Rb1 Na4 26. Rb3 Kc7 27. Be4
Re8 28. Bd3 b5 29. axb6+ Bxb6 30. Bc4 Rf8 31. e4 Nc5 32. Rh3 Nxe4 33. Rxh7 Nd6
34. Nxd6 Kxd6 35. Bxa6 Ra8 36. Bc4 Ra4 37. Bxf7 Rxf4 38. f3 Bd8 39. Be8 Be7 40.
Bxc6 Rh4 41. Rxh4 Bxh4 42. Ba4 Ke5 43. Kf1 Kf4 44. Kg2 Bd8 45. Bb3 Bh4 46. Ba4
Bd8 47. Bb3 Bh4 48. Ba4 Bd8 49. Bb3 Bh4 1/2-1/2

[Event "ch-USA Seniors 2024"]
[Site "Saint Louis USA"]
[Date "2024.07.19"]
[Round "4.5"]
[White "Khachiyan, Melikset"]
[Black "Root, Douglas"]
[Result "1/2-1/2"]
[WhiteTitle "GM"]
[BlackTitle "IM"]
[WhiteElo "2414"]
[BlackElo "2463"]
[WhiteFideId "13300512"]
[BlackFideId "2000490"]
[EventDate "2024.07.16"]

1. e4 e6 2. d4 d5 3. Nc3 Nf6 4. Bg5 Be7 5. e5 Nfd7 6. h4 Bxg5 7. hxg5 Qxg5 8.
Qd3 Nf8 9. Nh3 Qe7 10. Nf4 c6 11. Qg3 g6 12. O-O-O b6 13. Nh3 Nbd7 14. Ng5 h5
15. Bd3 Bb7 16. Rde1 O-O-O 17. Qf4 Nh7 18. Nxf7 g5 19. Qf3 g4 20. Qf4 Rdf8 21.
Bg6 Rhg8 22. Rxh5 Rg7 23. Reh1 Rfxf7 24. Bxf7 Nhf8 25. Nd1 Qxf7 26. Qxf7 Rxf7
27. g3 Ba6 28. Rg5 Be2 29. Rh2 c5 30. c3 Nb8 31. Kd2 Bf3 32. Ne3 Nc6 33. Nxg4
Nd7 34. Rh8+ Kc7 35. Nh6 Re7 36. Ke3 Be4 37. f4 cxd4+ 38. cxd4 Nb4 39. Kd2 Nc2
40. Kc3 b5 41. Ng8 b4+ 42. Kd2 Rf7 43. Nf6 Nxf6 44. exf6 Rxf6 45. Rg7+ Kb6 46.
Rb8+ Ka6 47. Rc7 Rh6 48. Rbb7 Rh2+ 49. Kc1 Rh1+ 50. Kd2 Rh2+ 51. Kc1 Rh1+ 52.
Kd2 1/2-1/2

[Event "ch-USA Seniors 2024"]
[Site "Saint Louis USA"]
[Date "2024.07.20"]
[Round "5.1"]
[White "Akopian, Vladimir"]
[Black "Kraai, Jesse"]
[Result "1-0"]
[WhiteTitle "GM"]
[BlackTitle "GM"]
[WhiteElo "2583"]
[BlackElo "2356"]
[WhiteFideId "13300032"]
[BlackFideId "2002035"]
[EventDate "2024.07.16"]

1. Nf3 Nf6 2. c4 e6 3. g3 d5 4. Bg2 dxc4 5. Qa4+ Nbd7 6. Qxc4 a6 7. Qb3 c5 8. a4
Be7 9. a5 O-O 10. d3 Qc7 11. O-O Rb8 12. Bf4 e5 13. Bd2 b5 14. axb6 Rxb6 15. Qc2
Qb8 16. Bc3 Re8 17. Nbd2 Bd8 18. Nc4 Rbe6 19. Ng5 R6e7 20. Ra3 Bc7 21. Rb3 Qa7
22. Ra1 h6 23. Ne4 Nxe4 24. Bxe4 Nf6 25. Bg2 Re6 26. Bh3 R6e7 27. Bxc8 Rxc8 28.
e4 Re6 29. Kg2 Rb8 30. h3 Qa8 31. Rxb8+ Qxb8 32. Bd2 Qb5 33. Ba5 Ne8 34. Qc3 Qd7
35. Bxc7 Qxc7 36. Ra5 Nf6 37. Qa3 Nd7 38. Rxa6 Rxa6 39. Qxa6 Kf8 40. Qa8+ Ke7
41. Qh8 Kf6 42. Ne3 Qd6 43. Qxg7+ 1-0